000
00306nam a22001457a 4500
008
230707b ||||| |||| 00| 0 eng d
020
_a
9780387915210
041
_a
eng
080
_a
573
082
_a
573JUR
100
_a
15
101
_a
BIOL
245
_a
ANIMAL BIOLOGY
_c
JURD.D.R
942
_2
udc
_c
BK
999
_c
60126
_d
60126